000 01225nam a22002777a 4500
001 82229
003 BD-RjUL
005 20231212102640.0
008 231101s2021 bg a|||| m||| 00| 0 eng d
035 _a(BD-RjUL)82229
040 _aBD-RjUL
_beng
_cBD-RjUL
_dBD-RjUL
041 _aeng
082 _223
_a649.40954922
_bSHD 2021
100 _aShahiduzzaman, Md.
_96716
245 1 0 _aDeterminants of health condition and estimation of demographic parameters of street Children in Dhaka city, Bangladesh /
_cSubmitted by Md. Shahiduzzaman ;
_6Supervisor : Md. Rafiqul Ialam, & M. Korban Ali, & Md. Nurul Islam.
260 _aRajshahi :
_bDepartment of Population Science and Human Resource Development, University of Rajshahi,
_c2021.
300 _axv, 176 leaves :
_bill, ;
_c29.cm.
502 _aThesis (Ph. D.) -- Department of Population Science and Human Resource Development, University of Rajshahi, 2021
504 _aBibliography : Leaves 170 - 176
650 _aChild health care
_xDhaka
_99857
650 _aChild rearimg
_zBangladesh
_99858
700 _aIalam, Md. Rafiqul, Supervisor
_99859
700 _aAli, M. Korban,Co-Supervisor
_99860
700 _aIslam, Md. Nurul, Co-Supervisor
_95809
942 _2ddc
_cTHE
999 _c82229
_d82229